000 00421nam a2200169Ia 4500
005 20240823041841.0
008 240823s9999||||xx |||||||||||||| ||und||
041 _aENGLISH
082 _A519 N8
100 _aVenkataraman M K
245 0 _aEngineering Mathematics
250 _a1st
260 _c1998
_b"The National Pub,M"
500 _aTRANSFERED
650 _aEngineering Mathematics
_bMathematics
942 _cBK
999 _c206486
_d206486